Bài giảng lịch sử kinh tế; T1 Lịch sử kinh tế thế giới

Wedi'i Gadw mewn:
Manylion Llyfryddiaeth
Prif Awdur: Nguyễn Công Thống
Fformat: Llyfr
Iaith:Undetermined
Cyhoeddwyd: Tp. HCM Tài Chính 1998
Pynciau:
Tagiau: Ychwanegu Tag
Dim Tagiau, Byddwch y cyntaf i dagio'r cofnod hwn!
Thư viện lưu trữ: Trung tâm Học liệu Trường Đại học Cần Thơ
LEADER 00667nam a2200205Ia 4500
001 CTU_32056
008 210402s9999 xx 000 0 und d
020 |b 14.000đ; 12.500đ (lô 996) 
082 |a 330.09 
082 |b Th455/T1 
100 |a Nguyễn Công Thống 
245 0 |a Bài giảng lịch sử kinh tế; T1 
245 0 |b Lịch sử kinh tế thế giới 
245 0 |c Nguyễn Công Thống, Phạm Thành Tâm, Đinh Văn Bính 
260 |a Tp. HCM 
260 |b Tài Chính 
260 |c 1998 
650 |a economics - history 
904 |i Minh, 990715 
980 |a Trung tâm Học liệu Trường Đại học Cần Thơ